Undertale Yellow Boss Themes - Statistics

General Stats
  • This quiz has been taken 4 times
  • The average score is 19 of 31
Answer Stats
Hint Answer % Correct
A Mother's Love
100%
Martlet Apprehension
100%
El Bailador DANZA
100%
Axis Model 014 END OF THE LINE_
100%
Dalv Forlorn
100%
Martlet Protocol
100%
Zenith Martlet Remedy
100%
Retribution
100%
Ceroba Ketsukane Some Point of No Return
100%
Ceroba Ketsukane Trial by Fury
100%
Flowey BEST FRIENDS FOREVER
67%
Feisty Four(Ed, Moray, Ace, & Mooch) Deal 'Em Out
67%
Battle Theme (7 Enemies Left) Enemy Retreating
67%
Axis Model 014 Guns Blazing
67%
Starlo Showdown!
67%
Specimen: organic
67%
Specimen: paper
67%
Guardener TENTH LEVEL LOCKDOWN
67%
AFTERLIFE
33%
Battle Theme (Snowdin) Blizzard Approaching
33%
Battle Theme (Ruins/Dark Ruins) Enemy Approaching (Yellow)
33%
Decibat Fever Pitch
33%
Asgore Final Encounter
33%
Micro Froggit Fun-Sized
33%
Battle Theme (Steamworks) Heatwave Approaching
33%
Battle Theme (Dunes) Sandstorm Approaching
33%
Specimen: clay
33%
Specimen: mechanical
33%
Specimen: patchworked
33%
Specimen: polygonal
0%
Macro Froggit Through the Macro Lens
0%
No matching quizzes found
Score Distribution
Percent of People with Each Score
Percentile by Number Answered
Your Score History
You have not taken this quiz